| 000 | 00807nam a2200217 i 4500 | ||
|---|---|---|---|
| 001 | 39337 | ||
| 003 | ES-MaACL | ||
| 005 | 20250814082756.0 | ||
| 007 | t| | ||
| 008 | 030227s1967 sp |||| | spa d | ||
| 100 | 1 |
_aCalle Iturrino, Esteban. _933706 |
|
| 245 | 1 | 0 |
_aPoesía y realidad, principalidad de Bilbao y Vizcaya en la economía español _b: discurso... de los Juegos Florales de Bilbao, celebrados el 23 de abril de 1967, en el Teatro Arriaga / _cEsteban Calle Iturrino. |
| 260 |
_aBilbao : _bEditorial Vizcaína, _c1967. |
||
| 300 |
_a49 p. ; _c21 cm. |
||
| 650 | 7 |
_aJuegos florales _2embne _9135475 |
|
| 651 | 4 |
_aVizcaya- _xSituación económica. _9164526 |
|
| 852 |
_aES-MaACL _j2060-F-3 |
||
| 852 |
_aES-MaACL _j2060-F-4 |
||
| 852 |
_aES-MaACL _j2060-F-5 |
||
| 999 |
_c39337 _d39337 |
||